| 000 | 00529nam a2200181 a 4500 | ||
|---|---|---|---|
| 001 | 3339 | ||
| 005 | 20140414132019.0 | ||
| 008 | 040715s19uu xx 00 eng d | ||
| 020 | _a0-7513-7088-6 | ||
| 050 |
_aTR _bG43 1998 |
||
| 100 | _aBaumgartner, Barbara | ||
| 245 |
_aGingerbread man (The) / _ctold by Barbara Baumgartner ; illustrated by Norman Messenger. |
||
| 260 |
_aLondon : _bDorling Kindersley, _c1998. |
||
| 300 | _a1 v. p. : ill. ; cm. | ||
| 650 | _aFolktales. | ||
| 650 | _aChildren stories. | ||
| 999 |
_c113436 _d113436 |
||